Central Library OPAC University of Rajshahi

The faery queene : (Record no. 77411)

MARC details
000 -LEADER
fixed length control field 00656nam a22002297a 4500
001 - CONTROL NUMBER
control field 77411
003 - CONTROL NUMBER IDENTIFIER
rucl marc code BD-RjUL
005 - DATE AND TIME OF LATEST TRANSACTION
control field 20211209082952.0
008 - FIXED-LENGTH DATA ELEMENTS--GENERAL INFORMATION
fixed length control field 200902s1906 enk||||| |||| 00| 0 eng d
035 ## - SYSTEM CONTROL NUMBER
System control number (BD-RjUL)77636
040 ## - CATALOGING SOURCE
Original cataloging agency BD-RjUL
Language of cataloging eng
Transcribing agency BD-RjUL
041 ## - LANGUAGE CODE
Language code of text/sound track or separate title eng
082 ## - DEWEY DECIMAL CLASSIFICATION NUMBER
Classification number 821.3
Author mark and year SPF 1906
100 ## - MAIN ENTRY--PERSONAL NAME
Personal name Spenser, Edmund
9 (RLIN) 241279
245 14 - TITLE STATEMENT
Title The faery queene :
Remainder of title book I /
Statement of responsibility, etc. Edmund Spenser ; William Keith Leask
260 ## - PUBLICATION, DISTRIBUTION, ETC. (IMPRINT)
Place of publication, distribution, etc. London :
Name of publisher, distributor, etc. Blackie & Son ltd.,
Date of publication, distribution, etc. [1906]
300 ## - PHYSICAL DESCRIPTION
Pagination 276 pages ;
Size 19 cm.
650 ## - SUBJECT ADDED ENTRY--TOPICAL TERM
Topical term or geographic name as entry element Epic poetry
9 (RLIN) 241280
Topical term or geographic name as entry element English fiction
9 (RLIN) 241281
700 ## - ADDED ENTRY--PERSONAL NAME
Personal name Leask, William Keith
942 ## - ADDED ENTRY ELEMENTS (KOHA)
Source of classification or shelving scheme Dewey Decimal Classification
Koha item type Books
Holdings
Lost status Source of classification or shelving scheme Damaged status Not for loan Permanent Location Current Location Shelving location Date acquired Total Checkouts Full call number Date last seen Copy number Koha item type
  Dewey Decimal Classification   Not For Loan Central Library, University of Rajshahi Central Library, University of Rajshahi Reading Room 02/09/2020   821.3 SPF 1906 02/09/2020 C-1 Books